000
00254nam a2200085Ia 4500
245
0
_a
Contemporary corporate finance
100
_a
McGuigan, James R. Mason, Ohio, (2009) 11th ed
_9
100682
942
_c
BK
008
210818s9999 xx 000 0 und d
999
_c
433038
_d
433037